000 00681nam a2200253Ia 4500
003 OSt
005 20220926044945.0
006 a|||||r|||| 00| 0
007 ta
008 220923b |||||||| |||| 00| 0 eng d
037 _cGeneral Book
040 _aRTL
_cRTL
_beng
041 _2eng
_aeng
082 _aV44Q7.N6, K7
100 _aKabir M
_9349605
245 0 _aMuslim rule under the Sultans
260 _c1967
300 _aviii, 192p
_ccm.
490 _aShort History of Pakistan. Ed by I H Qureshi; 2
500 _aAppendix: P 171-72
650 _aPakistan History
_928228
942 _hV44Q7.N6, K7
_cGB
_2CC
999 _c676229
_d676229